| 000 | 01415nam a2200193 a 4500 | ||
|---|---|---|---|
| 001 | 000020863 | ||
| 005 | 20200930011159.0 | ||
| 008 | 100819s2003 dr ac 001 0 spa d | ||
| 020 | _a9993422398 | ||
| 040 |
_aDO-SdBNP _bspa _cBNPHU |
||
| 245 | 0 | 0 |
_aMi país : _bla identidad del joven dominicano / _cRoberto Polanco. |
| 260 |
_aSanto Domingo : _bSecretaría de Estado de la Juventud, _c2003. _fEl Nuevo Diario |
||
| 300 |
_a693 p. : _bil. ; _c23 cm. |
||
| 504 | _aIncluye bibliografía (p. 693) | ||
| 505 | 2 | _aHistoria de Azua -- Historia de Bahoruco -- Historia de Dajabón -- Historia de SFM (Provincia Duarte) -- Historia de Elias Piña -- Historia de El Seibo -- Historia de Moca (Provincia Espalliat) -- Historia de La Altagracia -- Historia de La Romana -- Historia de La Vega -- Historia de Nagua (Provincia María Trinidad Sánchez) -- Historia de Montecristi-- Historia de Peravia -- Historia de Puerto Plata -- Historia de Salcedo -- Historia de Samana -- Historia de Cotuí (Provincia Sánchez Ramírez) Historia de San Cristóbal -- Historia de Ocoa (Provincia de San José de Ocoa) -- Historia de San Juan (Provincia de San Juan de la Maguana) -- Historia de San Pedro de Macorís -- Historia de Santiago -- Historia de Sabaneta (Provincia Santiago Rodriguez) -- Historia de Valverde | |
| 700 | 1 |
_aPolanco, Roberto _943733 |
|
| 710 | 1 |
_aAgencia de Cooperación Técnica Alemana _943734 |
|
| 049 | _aBNPD | ||
| 999 |
_c20366 _d20366 |
||